00842nam a22002297a 4500003000500000005001700005008004100022010001000063011001000073035001000083040000900093100002700102245012900129260005800258300000900316500012200325650004600447650002200493650003900515650002500554700003300579CHAP20220329141031.0971013s1992 r 00010 d a61607 a62579 a66753 cCHAP00aContreras Ramos, Juan. aEvaluación del efecto del medio ambiente y tecnología sobre los rendimientos del maíz, mediante lotes climatológicos aMontecillo, Méx. :bColegio de Postgraduados,c1992 a4 h. aAntepropuestas para presentarse ante la Organización de las Naciones Unidas para la Agricultura y la Alimentación14aAgriculturaxInnovaciones tecnológicas.14aCultivos y clima.14aMaízxEfecto del medio ambiente.14aMaízxRendimiento.0 aPeña Olvera, Benjamín V.